Normal view
MARC view
Entry Genre/Form Term
001 - CONTROL NUMBER
- control field: 72970
003 - CONTROL NUMBER IDENTIFIER
- control field: BI-BuBU
005 - DATE AND TIME OF LATEST TRANSACTION
- control field: 20130610145849.0
008 - FIXED-LENGTH DATA ELEMENTS
- fixed length control field: 130610|||a|||||| | ||| d
040 ## - CATALOGING SOURCE
- Original cataloging agency: BI-BuBU
- Transcribing agency: BI-BuBU
155 ## - HEADING--GENRE/FORM TERM
- Genre/form term: Mémoire
670 ## - SOURCE DATA FOUND
- Source citation: Work cat.: (BI-BuBU)19268: aut Bizindavyi, Lucien 72969, Enjeux et contraintes environnementaux de la filière huile de palme en commune Rumonge, 2013
670 ## - SOURCE DATA FOUND
- Source citation: Work cat.: (BI-BuBU)19268: aut Bizindavyi, Lucien 72969, Enjeux et contraintes environnementaux de la filière huile de palme en commune Rumonge, 2013